000 01301nam a2200325 i 4500
001 000005838
003 DO-SdBNP
005 20251009135628.0
007 ta
008 090824s1997 dr r 000 0 spa d
040 _aDO-SdBNP
_bspa
_cBNPHU
_erda
041 _aspa
082 _a344.729302
_bR426Le, 1997
_222
110 1 _aRepública Dominicana.
_9447
240 1 3 _a[Leyes etc.]
245 1 0 _aLeyes vigentes sobre seguros sociales y accidentes de trabajo :
_bLey núm. 1896 sobre seguros sociales : Ley núm. 385 sobre seguros contra accidentes del trabajo. /
264 1 _aSanto Domingo :
_b[editor no identificado],
_c1997.
300 _a109 páginas ;
_c21 cm.
336 _atexto
_btxt
_2rdacontent
337 _asin mediación
_bn
_2rdamedia
338 _avolumen
_bnc
_2rdacarrier
500 _aTítulo tomado de la cubierta
590 _aInventariado,2018/DG
650 4 _aSeguridad social
_zRepública Dominicana
_xLegislación
_91148
650 4 _aCompensaciones a los trabajadores
_xLegislación
_zRepública Dominicana
_916488
710 1 2 _aRepública Dominicana.
_tLey núm. 1896 sobre seguros sociales
_916489
710 1 2 _aRepública Dominicana
_tLey núm. 385 sobre seguros contra accidentes de trabajo
_916490
910 _aValidado. Control de calidad. MFF
942 _2ddc
_cLBS1
999 _c5634
_d5634